[Event "Vojvodina-chT 21st"]
[Site "Backa Palanka"]
[Date "2021.10.26"]
[Round "6.6"]
[White "Joksimovic, Dragoljub"]
[Black "Rutesic, Vuk"]
[Result "1-0"]
[WhiteElo "2146"]
[BlackElo "2098"]
[PlyCount "146"]
[EventDate "2021.10.23"]
[EventType "team-tourn"]
[EventRounds "11"]
[EventCountry "SRB"]
[SourceTitle "CBM 204 Extra"]
[Source "ChessBase"]
[SourceDate "2021.11.30"]
[SourceVersion "1"]
[SourceVersionDate "2021.11.30"]
[SourceQuality "1"]
[WhiteTeam "Krajisnik Krajina"]
[BlackTeam "Sombor"]
[WhiteTeamCountry "SRB"]
[BlackTeamCountry "SRB"]

1. g3 d5 2. Nf3 c6 3. d4 Nf6 4. Bg2 h6 5. c4 Bf5 6. Nc3 e6 7. 0-0 Be7 8. a4 a5 9. Qb3 Ra6 10. Ne5 Rb6 11. Qd1 Nbd7 12. Nxd7 Qxd7 13. cxd5 exd5 14. Qd2 0-0 15. Re1 Bb4 16. f3 Re8 17. e3 c5 18. Qf2 cxd4 19. exd4 Bxc3 20. Rxe8+ Qxe8 21. bxc3 Re6 22. Bf4 Nd7 23. Bf1 Nb6 24. Bb5 Qc8 25. Rc1 g5 26. Be5 f6 27. g4 Bg6 28. Bg3 Be8 29. Qc2 Kg7 30. Bd3 Bxa4 31. Qa2 Qc6 32. Qb1 Nc4 33. Bh7 Qe8 34. Qxb7+ Re7 35. Qxd5 Ne3 36. Qxa5 Kxh7 37. d5 Bb3 38. d6 Rd7 39. Re1 f5 40. gxf5 Nc4 41. Qb4 Qf7 42. Qxb3 Nxd6 43. Qxf7+ Nxf7 44. c4 Rd3 45. Re7 Kg7 46. Kf2 Kf6 47. Rc7 Ne5 48. Bxe5+ Kxe5 49. Kg3 h5 50. Rc5+ Kf6 51. h3 Rd2 52. h4 g4 53. Rc6+ Kxf5 54. Rc5+ Kg6 55. Rg5+ Kh6 56. fxg4 Rd3+ 57. Kf4 Rd4+ 58. Kf5 Rxc4 59. Rxh5+ Kg7 60. Rg5+ Kh6 61. Rg6+ Kh7 62. Re6 Rc5+ 63. Re5 Rc7 64. g5 Kg7 65. h5 Rc8 66. Re7+ Kg8 67. Kf6 Rf8+ 68. Kg6 Rc8 69. Re6 Rf8 70. h6 Kh8 71. Re7 Rb8 72. Kf7 Rb5 73. g6 Rb8 1-0

[Event "Senta op 25th"]
[Site "Senta"]
[Date "2021.07.24"]
[Round "9"]
[White "Rutesic, Vuk"]
[Black "Nikulina, Alena"]
[Result "1-0"]
[WhiteElo "2079"]
[BlackElo "1887"]
[PlyCount "63"]
[EventDate "2021.07.17"]
[EventType "swiss"]
[EventRounds "9"]
[EventCountry "SRB"]
[SourceTitle "EXT 2022"]
[Source "ChessBase"]
[SourceDate "2021.10.06"]
[SourceVersion "1"]
[SourceVersionDate "2021.10.06"]
[SourceQuality "1"]

1. d4 e6 2. Bf4 c5 3. e3 Nc6 4. c3 cxd4 5. exd4 Nf6 6. Nf3 Be7 7. h3 a6 8. a4 Qb6 9. Nbd2 d5 10. b4 Bd7 11. Bd3 Rc8 12. 0-0 0-0 13. Re1 Qd8 14. Nb3 Nb8 15. Nc5 b6 16. Nb7 Qe8 17. Nd6 Bxd6 18. Bxd6 Rxc3 19. Qd2 Rc8 20. Bxf8 Kxf8 21. b5 axb5 22. axb5 Kg8 23. Rec1 Rd8 24. Qb4 Ne4 25. Ra7 Rc8 26. Rxc8 Qxc8 27. Qa3 g6 28. Ne5 Qe8 29. Nxd7 Nxd7 30. Ra8 Nb8 31. Bxe4 dxe4 32. Qd6 1-0

[Event "Senta op 25th"]
[Site "Senta"]
[Date "2021.07.18"]
[Round "2"]
[White "Radic, Zeljko"]
[Black "Rutesic, Vuk"]
[Result "0-1"]
[WhiteElo "1947"]
[BlackElo "2079"]
[PlyCount "54"]
[EventDate "2021.07.17"]
[EventType "swiss"]
[EventRounds "9"]
[EventCountry "SRB"]
[SourceTitle "EXT 2022"]
[Source "ChessBase"]
[SourceDate "2021.10.06"]
[SourceVersion "1"]
[SourceVersionDate "2021.10.06"]
[SourceQuality "1"]

1. e4 e6 2. Nf3 d5 3. exd5 exd5 4. d4 Bd6 5. c4 Qe7+ 6. Be2 dxc4 7. Qa4+ c6 8. Qxc4 Be6 9. Qc2 Nd7 10. Nc3 h6 11. 0-0 Ngf6 12. Re1 Nb6 13. Bd3 g6 14. Bxg6 fxg6 15. Qxg6+ Kd7 16. d5 Nbxd5 17. Nd4 Qf7 18. Qd3 Rae8 19. Be3 Nxe3 20. Rxe3 Bxh2+ 21. Kf1 Bc4 22. Nf5+ Bxd3+ 23. Rxd3+ Kc7 24. g3 Qc4 25. Rad1 Rd8 26. Ke2 Rxd3 27. Rxd3 Rd8 0-1

[Event "Vojvodina-chT 2nd League"]
[Site "Backa Palanka"]
[Date "2020.10.19"]
[Round "5.6"]
[White "Rutesic, Vuk"]
[Black "Budimirov, Lazar"]
[Result "0-1"]
[WhiteElo "2124"]
[BlackElo "2062"]
[PlyCount "65"]
[EventDate "2020.10.16"]
[EventType "team-tourn"]
[EventRounds "11"]
[EventCountry "SRB"]
[SourceTitle "EXT 2022"]
[Source "ChessBase"]
[SourceDate "2021.10.06"]
[SourceVersion "1"]
[SourceVersionDate "2021.10.06"]
[SourceQuality "1"]
[WhiteTeam "Sombor"]
[BlackTeam "Starcevo Borac"]
[WhiteTeamCountry "SRB"]
[BlackTeamCountry "SRB"]

1. d4 Nf6 2. Bf4 d5 3. e3 e6 4. Nf3 Bd6 5. Bg3 Bxg3 6. hxg3 Nbd7 7. Nbd2 b6 8. Bd3 Bb7 9. Ne5 Qe7 10. Qe2 0-0-0 11. Ba6 Nxe5 12. dxe5 Nd7 13. f4 f6 14. Nf3 fxe5 15. fxe5 Kb8 16. c3 g5 17. Rh6 Qg7 18. Rh5 h6 19. 0-0-0 Nxe5 20. Rdh1 Bxa6 21. Qxa6 Nxf3 22. gxf3 e5 23. Qe2 d4 24. cxd4 exd4 25. exd4 Rxd4 26. Rd1 Rxd1+ 27. Qxd1 Qf6 28. Qd3 Re8 29. Rh1 Re6 30. Rd1 Rc6+ 31. Kb1 Rd6 32. Qe2 Rxd1+ 33. Qxd1 0-1

[Event "Sombor Milicevic Memorial"]
[Site "Sombor"]
[Date "2018.10.31"]
[Round "8"]
[White "Rutesic, Vuk"]
[Black "Stojanovski, Branko"]
[Result "1-0"]
[WhiteElo "2197"]
[BlackElo "1842"]
[PlyCount "83"]
[EventDate "2018.10.15"]
[EventType "swiss"]
[EventRounds "9"]
[EventCountry "SRB"]
[SourceTitle "EXT 2021"]
[Source "ChessBase"]
[SourceDate "2020.10.23"]
[SourceVersion "1"]
[SourceVersionDate "2020.10.23"]
[SourceQuality "1"]

1. d4 d5 2. Bf4 Bf5 3. e3 e6 4. c4 Bxb1 5. Qxb1 Bb4+ 6. Kd1 dxc4 7. Bxc4 Nf6 8. Nf3 c6 9. Ke2 Nbd7 10. a3 Ba5 11. Qc2 Bc7 12. Bg5 h6 13. Bh4 Bd6 14. b4 Qc7 15. Rhc1 Rc8 16. Qb3 0-0 17. Rab1 Nb6 18. Bxf6 gxf6 19. g4 Nxc4 20. Qxc4 Qe7 21. Rg1 Kh8 22. Qd3 e5 23. Qf5 exd4 24. Nxd4 Qe5 25. Qxe5 Bxe5 26. Nf5 Kh7 27. f4 Bc7 28. Rg3 Rce8 29. Kf3 Rh8 30. Rh3 Kg6 31. Rh5 Bb6 32. Rb3 Rd8 33. Ke2 Bc7 34. b5 Rde8 35. Kf3 c5 36. Nh4+ Kg7 37. Rxc5 Bb6 38. Rh5 Rd8 39. Nf5+ Kg6 40. Rc3 Rd1 41. Ke2 Rg1 42. Rc8 1-0

[Event "Vojvodina op 9th"]
[Site "Novi Sad"]
[Date "2018.07.24"]
[Round "4"]
[White "Yordanov, Lachezar"]
[Black "Rutesic, Vuk"]
[Result "1/2-1/2"]
[WhiteElo "2290"]
[BlackElo "2157"]
[PlyCount "56"]
[EventDate "2018.07.22"]
[EventType "swiss"]
[EventRounds "9"]
[EventCountry "YUG"]
[SourceTitle "CBM 185 Extra"]
[Source "ChessBase"]
[SourceDate "2018.07.29"]
[SourceVersion "1"]
[SourceVersionDate "2018.07.29"]
[SourceQuality "1"]

1. b3 d5 2. Bb2 Bf5 3. d3 e6 4. Nd2 Nf6 5. g3 h6 6. Bg2 c6 7. e4 Bh7 8. Qe2 Be7 9. Ngf3 a5 10. a3 0-0 11. 0-0 Nbd7 12. e5 Ne8 13. Nd4 Qb6 14. f4 a4 15. Kh1 c5 16. N4f3 axb3 17. Nxb3 Ra4 18. Rfb1 Qa6 19. Re1 Nc7 20. c4 dxc4 21. dxc4 Nb6 22. Nfd2 Rd8 23. Be4 Bxe4+ 24. Qxe4 Nc8 25. Qe3 Qc6+ 26. Qe4 Qa6 27. Qe3 Qc6+ 28. Qe4 Qa6 1/2-1/2

[Event "SRB-ch U20"]
[Site "Belgrade"]
[Date "2018.06.26"]
[Round "2"]
[White "Rutesic, Vuk"]
[Black "Stanojevic, Ilija"]
[Result "1-0"]
[WhiteElo "2102"]
[BlackElo "2120"]
[PlyCount "61"]
[EventDate "2018.06.25"]
[EventType "tourn"]
[EventRounds "7"]
[EventCountry "SRB"]
[SourceTitle "EXT 2019"]
[Source "ChessBase"]
[SourceDate "2018.10.10"]
[SourceVersion "1"]
[SourceVersionDate "2018.10.10"]
[SourceQuality "1"]

1. d4 b6 2. Bf4 Bb7 3. e3 Nf6 4. h3 e6 5. Nf3 Be7 6. Nbd2 d6 7. a4 a6 8. Bd3 Nbd7 9. 0-0 d5 10. c3 c5 11. Ne5 Nxe5 12. Bxe5 0-0 13. Qe2 Nd7 14. Bg3 f5 15. Be5 Nxe5 16. dxe5 Qc7 17. f4 g6 18. g4 Kh8 19. Kh2 Qd7 20. Rg1 d4 21. gxf5 gxf5 22. cxd4 cxd4 23. e4 fxe4 24. Bxe4 Rxf4 25. Qg2 Bh4 26. Bxb7 Rf2 27. Bxa8 Rxg2+ 28. Rxg2 Qd8 29. Be4 Bg5 30. Rag1 Bxd2 31. Rg7 1-0

[Event "SRB-ch U16"]
[Site "Novi Sad"]
[Date "2018.04.08"]
[Round "9"]
[White "Omorjan, Dejan"]
[Black "Rutesic, Vuk"]
[Result "1/2-1/2"]
[WhiteElo "2230"]
[BlackElo "2046"]
[PlyCount "96"]
[EventDate "2018.04.02"]
[EventType "swiss"]
[EventRounds "9"]
[EventCountry "SRB"]
[SourceTitle "EXT 2019"]
[Source "ChessBase"]
[SourceDate "2018.10.10"]
[SourceVersion "1"]
[SourceVersionDate "2018.10.10"]
[SourceQuality "1"]

1. d4 Nf6 2. c4 g6 3. Nc3 Bg7 4. e4 d6 5. Nf3 0-0 6. h3 e5 7. d5 Nh5 8. g3 f5 9. exf5 gxf5 10. Bg5 Qe8 11. Nh4 Na6 12. Be2 Nf6 13. Rg1 Nc5 14. Qc2 Nce4 15. Nxe4 Nxe4 16. Be3 Qe7 17. Bd3 Ng5 18. 0-0-0 e4 19. Bf1 c6 20. Qd2 Nf7 21. Be2 cxd5 22. cxd5 Bd7 23. Kb1 Rac8 24. Rc1 Ne5 25. Rxc8 Rxc8 26. Rc1 a6 27. Rxc8+ Bxc8 28. Qc2 Qd8 29. Bg5 Qd7 30. Ng2 b5 31. Ne3 h6 32. Bf4 Bb7 33. h4 Ng6 34. Qd2 Nxf4 35. gxf4 Qf7 36. h5 Qf6 37. Qc2 Qf7 38. Qd2 Qf6 39. a4 bxa4 40. Qb4 Bc8 41. Qb8 Kh7 42. Nc4 Bd7 43. Nxd6 Bb5 44. Nc4 Qd4 45. Qc8 a3 46. Qxf5+ Kh8 47. Qc8+ Kh7 48. Qf5+ Kh8 1/2-1/2

[Event "SRB-ch U16"]
[Site "Novi Sad"]
[Date "2018.04.03"]
[Round "2"]
[White "Milosevic, Milos"]
[Black "Rutesic, Vuk"]
[Result "1-0"]
[WhiteElo "2311"]
[BlackElo "2046"]
[PlyCount "63"]
[EventDate "2018.04.02"]
[EventType "swiss"]
[EventRounds "9"]
[EventCountry "SRB"]
[SourceTitle "EXT 2019"]
[Source "ChessBase"]
[SourceDate "2018.10.10"]
[SourceVersion "1"]
[SourceVersionDate "2018.10.10"]
[SourceQuality "1"]

1. e4 e6 2. d4 d5 3. Nd2 Be7 4. e5 c5 5. Qg4 Kf8 6. dxc5 Nc6 7. Ngf3 h5 8. Qg3 h4 9. Qf4 g5 10. Qg4 f5 11. exf6 Bxf6 12. Nb3 e5 13. Qa4 g4 14. Nfd2 Bd7 15. Bb5 Nge7 16. Na5 Qc7 17. Nxc6 bxc6 18. Be2 e4 19. Nb3 Be5 20. Nd4 Rb8 21. h3 gxh3 22. gxh3 Bf4 23. Be3 Rxb2 24. 0-0-0 Rb7 25. Ba6 Rb8 26. Ne2 Bxe3+ 27. fxe3 Nf5 28. Rdf1 Ke8 29. Nf4 Ng3 30. Qd4 Rf8 31. Qg7 Nf5 32. Ng6 1-0

[Event "Sombor Milicevic Memorial"]
[Site "Sombor"]
[Date "2017.11.24"]
[Round "6"]
[White "Rutesic, Vuk"]
[Black "Glamuzina, Jurica"]
[Result "1/2-1/2"]
[WhiteElo "2122"]
[BlackElo "1972"]
[PlyCount "142"]
[EventDate "2017.11.13"]
[EventType "swiss"]
[EventRounds "9"]
[EventCountry "SRB"]
[SourceTitle "EXT 2019"]
[Source "ChessBase"]
[SourceDate "2018.10.10"]
[SourceVersion "1"]
[SourceVersionDate "2018.10.10"]
[SourceQuality "1"]

1. d4 Nf6 2. Bf4 g6 3. e3 Bg7 4. Nf3 0-0 5. Be2 d6 6. h3 b6 7. a4 Bb7 8. a5 Na6 9. c3 c5 10. 0-0 Nd7 11. Na3 cxd4 12. exd4 Nc7 13. Bg3 Nf6 14. Qb3 Rb8 15. axb6 axb6 16. c4 Nh5 17. Rad1 Nxg3 18. fxg3 Ne6 19. Nb5 d5 20. Ne5 Nxd4 21. Nxd4 Bxe5 22. Nf3 Bf6 23. cxd5 Qd6 24. Kh2 Rfc8 25. Rd2 Rc5 26. Rfd1 Rd8 27. Bc4 Rdc8 28. Be2 Ra5 29. Ne1 Rcc5 30. Bc4 Ba6 31. Bxa6 Rxa6 32. Qf3 Raa5 33. b4 Rc3 34. bxa5 Rxf3 35. gxf3 bxa5 36. Ra2 h5 37. Rxa5 h4 38. f4 g5 39. Ng2 hxg3+ 40. Kxg3 gxf4+ 41. Nxf4 e5 42. Ne2 e4+ 43. Kg2 Be5 44. Ra8+ Kg7 45. Rc8 Qa6 46. Rc2 Qa3 47. Ng1 Qg3+ 48. Kf1 Qf4+ 49. Rf2 Qh6 50. Re1 Qh4 51. Rg2+ Kf8 52. Rg4 Qf6+ 53. Kg2 Bd4 54. Rexe4 Qf2+ 55. Kh1 Bc5 56. Ref4 Qd2 57. Rf5 Bd6 58. Rg2 Qd4 59. Rgf2 Qe4+ 60. R2f3 Ke8 61. Rxf7 Qxd5 62. R7f5 Qb7 63. Kg2 Qg7+ 64. Kh1 Qb7 65. Rh5 Qe4 66. Rb5 Kd7 67. Rbb3 Kc6 68. Rbe3 Qd5 69. Rd3 Qe4 70. Rde3 Qd5 71. Rd3 Qe4 1/2-1/2

[Event "Veliko Gradiste Silver Lake op-A"]
[Site "Veliko Gradiste"]
[Date "2017.06.24"]
[Round "8"]
[White "Rutesic, Vuk"]
[Black "Rajkovic, Dusan"]
[Result "0-1"]
[WhiteElo "1969"]
[BlackElo "2355"]
[PlyCount "128"]
[EventDate "2017.06.18"]
[EventType "swiss"]
[EventRounds "9"]
[EventCountry "SRB"]
[SourceTitle "EXT 2018"]
[Source "ChessBase"]
[SourceDate "2017.10.13"]
[SourceVersion "1"]
[SourceVersionDate "2017.10.13"]
[SourceQuality "1"]

1. d4 Nf6 2. Bf4 c5 3. e3 b6 4. Nf3 Bb7 5. Nbd2 e6 6. Bd3 Be7 7. h3 0-0 8. 0-0 cxd4 9. exd4 d6 10. c3 Nbd7 11. a4 Rb8 12. Qe2 Qc7 13. Rfe1 Rfe8 14. Bh2 Nf8 15. Ne4 Nd5 16. Rac1 Ng6 17. Qd2 e5 18. dxe5 dxe5 19. Neg5 Bxg5 20. Qxg5 f6 21. Qg4 Ngf4 22. Be4 h5 23. Qf5 g6 24. Bxd5+ Kg7 25. Qc2 Nxd5 26. Rcd1 Qc6 27. c4 Ne7 28. Qd2 Nf5 29. Qd7+ Re7 30. Qxc6 Bxc6 31. Nxe5 Rbe8 32. Nd3 Bxa4 33. Rxe7+ Rxe7 34. Rc1 Nd4 35. Kf1 Nb3 36. Re1 Nd2+ 37. Kg1 Rxe1+ 38. Nxe1 Nxc4 39. Nd3 Bc2 40. Nb4 Bb3 41. Nd3 a5 42. Bf4 Bc2 43. Ne1 Bd1 44. Nd3 g5 45. Bc7 Kf7 46. Kf1 Ke7 47. Ke1 Bc2 48. Nc1 Kd7 49. Bb8 a4 50. h4 gxh4 51. Ke2 Nxb2 52. Kd2 Bf5 53. f3 a3 54. Bf4 Nd3 55. Be3 Ne5 56. Kc3 Kc6 57. Kb3 Be6+ 58. Kc2 a2 59. Bd4 Bc4 60. f4 Kd5 61. Bb2 Ng4 62. Kc3 Ne3 63. Kd2 Nxg2 64. Bxf6 h3 0-1

[Event "Veliko Gradiste Silver Lake op-A"]
[Site "Veliko Gradiste"]
[Date "2017.06.18"]
[Round "1"]
[White "Rakesh, Kumar Jena"]
[Black "Rutesic, Vuk"]
[Result "1-0"]
[WhiteElo "2255"]
[BlackElo "1969"]
[PlyCount "43"]
[EventDate "2017.06.18"]
[EventType "swiss"]
[EventRounds "9"]
[EventCountry "SRB"]
[SourceTitle "EXT 2018"]
[Source "ChessBase"]
[SourceDate "2017.10.13"]
[SourceVersion "1"]
[SourceVersionDate "2017.10.13"]
[SourceQuality "1"]

1. Nf3 Nf6 2. g3 g6 3. Bg2 Bg7 4. 0-0 0-0 5. d4 d6 6. Nc3 Nbd7 7. e4 c6 8. Bg5 h6 9. Be3 Ng4 10. Bc1 Qc7 11. h3 Ngf6 12. Be3 e5 13. Qd2 Kh7 14. Rad1 Nb6 15. dxe5 dxe5 16. Bc5 Nc4 17. Qe2 Nxb2 18. Rb1 Qa5 19. Bxf8 Bxf8 20. Rxb2 Qxc3 21. Rb3 Qa5 22. Rd1 1-0

[Event "SRB-ch U16"]
[Site "Kragujevac"]
[Date "2017.04.16"]
[Round "8"]
[White "Trifunovic, Novica"]
[Black "Rutesic, Vuk"]
[Result "1/2-1/2"]
[WhiteElo "1823"]
[BlackElo "2018"]
[PlyCount "49"]
[EventDate "2017.04.11"]
[EventType "swiss"]
[EventRounds "9"]
[EventCountry "SRB"]
[SourceTitle "EXT 2019"]
[Source "ChessBase"]
[SourceDate "2018.10.10"]
[SourceVersion "1"]
[SourceVersionDate "2018.10.10"]
[SourceQuality "1"]

1. e4 e6 2. d4 d5 3. exd5 exd5 4. Bd3 c5 5. c3 Nf6 6. h3 Bd6 7. Qf3 h6 8. Ne2 Nc6 9. dxc5 Bxc5 10. Bf4 0-0 11. 0-0 Re8 12. Nd2 Ne5 13. Bxe5 Rxe5 14. Nb3 Bd6 15. Nbd4 Ne4 16. Bxe4 dxe4 17. Qe3 Qb6 18. a4 a5 19. Rfe1 Bc5 20. Qf4 Rg5 21. g4 f5 22. Qe5 fxg4 23. Qe8+ Bf8 24. h4 Qg6 25. Qd8 1/2-1/2

[Event "SRB-ch U16"]
[Site "Kragujevac"]
[Date "2017.04.12"]
[Round "2"]
[White "Rutesic, Vuk"]
[Black "Grcic, Vukasin"]
[Result "0-1"]
[WhiteElo "2018"]
[BlackElo "2172"]
[PlyCount "148"]
[EventDate "2017.04.11"]
[EventType "swiss"]
[EventRounds "9"]
[EventCountry "SRB"]
[SourceTitle "EXT 2019"]
[Source "ChessBase"]
[SourceDate "2018.10.10"]
[SourceVersion "1"]
[SourceVersionDate "2018.10.10"]
[SourceQuality "1"]

1. d4 Nf6 2. Bf4 g6 3. e3 Bg7 4. Nf3 0-0 5. Be2 d6 6. h3 c5 7. c3 Nc6 8. 0-0 Be6 9. Ng5 Bf5 10. Bh2 e5 11. Nf3 Re8 12. Re1 Nd5 13. dxe5 dxe5 14. Bb5 e4 15. Nfd2 Qg5 16. Kh1 Rad8 17. Qe2 Bd7 18. Bxc6 Bxc6 19. Nc4 Bb5 20. Nba3 Ba6 21. Qg4 Qf6 22. Rad1 Qxf2 23. Bg3 Qf6 24. Bh4 Qe6 25. Qxe6 fxe6 26. Bxd8 Rxd8 27. Nd2 Bd3 28. Nb3 c4 29. Nc5 Bh6 30. Nxe6 Re8 31. Nf4 Nxe3 32. Rxe3 Bxf4 33. Ree1 Bg3 34. Nb5 Bxe1 35. Rxe1 a6 36. Nd4 Rf8 37. Kg1 Rf6 38. Ne2 Rb6 39. Ng3 Rxb2 40. Nxe4 Bxe4 41. Rxe4 Rxa2 42. Rxc4 b5 43. Rc8+ Kg7 44. Rc7+ Kh6 45. h4 a5 46. Kh2 Ra4 47. g3 Rc4 48. Rb7 Rc5 49. Kg2 a4 50. Kf2 a3 51. g4 Rxc3 52. Rxb5 Rc4 53. g5+ Kh5 54. Ra5 Rxh4 55. Rxa3 Kxg5 56. Ra5+ Kh6 57. Kg3 Rb4 58. Rc5 g5 59. Rc7 Kg6 60. Rc6+ Kh5 61. Rc5 Rb3+ 62. Kg2 Kh4 63. Rc4+ g4 64. Rc2 h5 65. Rd2 Rb4 66. Rc2 g3 67. Ra2 Kg4 68. Rc2 h4 69. Rc1 Rb2+ 70. Kg1 Rf2 71. Rb1 h3 72. Rb4+ Rf4 73. Rb1 h2+ 74. Kh1 Kh3 0-1

[Event "Palic Karadzic Memorial op"]
[Site "Palic"]
[Date "2016.10.31"]
[Round "4"]
[White "Rutesic, Vuk"]
[Black "Burcu, Cagatay"]
[Result "0-1"]
[WhiteElo "1996"]
[BlackElo "2263"]
[PlyCount "144"]
[EventDate "2016.10.29"]
[EventType "swiss"]
[EventRounds "9"]
[EventCountry "SRB"]
[SourceTitle "CBM 175 Extra"]
[Source "ChessBase"]
[SourceDate "2016.12.12"]
[SourceVersion "1"]
[SourceVersionDate "2016.12.12"]
[SourceQuality "1"]

1. d4 Nf6 2. Bf4 g6 3. e3 Bg7 4. Nf3 0-0 5. Be2 d6 6. h3 b6 7. 0-0 Bb7 8. Nbd2 Nbd7 9. c3 c5 10. a4 a6 11. Bh2 Qc7 12. Qb3 Qc6 13. Nc4 Rac8 14. Rfd1 Ne4 15. Bf1 Qc7 16. Ncd2 Nxd2 17. Nxd2 cxd4 18. exd4 Qb8 19. Be2 Rfd8 20. Bf3 Nf6 21. Re1 Rd7 22. Ne4 Nxe4 23. Bxe4 Bf6 24. Re3 Bxe4 25. Rxe4 Rb7 26. Bg3 b5 27. a5 b4 28. c4 Qc7 29. d5 Qd8 30. Ra4 Qf8 31. f3 Qg7 32. Ra2 Bd4+ 33. Bf2 Bxf2+ 34. Kxf2 Qh6 35. Qd1 f5 36. Rd4 b3 37. Ra3 Qg7 38. Qd2 Rb4 39. Qc3 Rbxc4 40. Rxc4 Rxc4 41. Qxg7+ Kxg7 42. Rxb3 Rc5 43. Rb7 Rxd5 44. Rxe7+ Kf6 45. Rxh7 Rxa5 46. Ra7 f4 47. g3 Ra2 48. gxf4 Rxb2+ 49. Ke3 Ra2 50. Ke4 Ra5 51. Ra8 Ra4+ 52. Ke3 d5 53. h4 a5 54. Rd8 Ra3+ 55. Ke2 Ke6 56. Rg8 a4 57. Rxg6+ Kf5 58. Rg5+ Ke6 59. Rg6+ Ke7 60. Ra6 Ra1 61. h5 Kf7 62. Ra5 a3 63. Kd2 d4 64. Ra7+ Kg8 65. Ra4 a2 66. Kc2 d3+ 67. Kd2 Rf1 68. Kxd3 a1Q 69. Rxa1 Rxa1 70. Ke4 Rh1 71. Kf5 Rxh5+ 72. Kg6 Rh3 0-1

[Event "SRB-ch U14"]
[Site "Kragujevac"]
[Date "2016.05.06"]
[Round "7"]
[White "Rutesic, Vuk"]
[Black "Stankovic, Milos M"]
[Result "1/2-1/2"]
[WhiteElo "1821"]
[BlackElo "1852"]
[PlyCount "52"]
[EventDate "2016.05.02"]
[EventType "swiss"]
[EventRounds "9"]
[EventCountry "SRB"]
[SourceTitle "CBM 172 Extra"]
[Source "ChessBase"]
[SourceDate "2016.06.21"]
[SourceVersion "1"]
[SourceVersionDate "2016.06.21"]
[SourceQuality "1"]

1. d4 Nf6 2. Bf4 g6 3. e3 Bg7 4. Nf3 0-0 5. Be2 d6 6. h3 Nbd7 7. c3 Qe8 8. 0-0 e5 9. dxe5 dxe5 10. Bh2 Qe7 11. Nbd2 Ne8 12. Qc2 Nd6 13. Nc4 b6 14. Rad1 Nxc4 15. Bxc4 Bb7 16. Bd5 c6 17. Bc4 b5 18. Be2 Nb6 19. b3 a5 20. Rd2 b4 21. c4 a4 22. Rfd1 axb3 23. axb3 Rfe8 24. e4 Qc5 25. Ne1 Ra3 26. Rd8 Ra8 1/2-1/2